Normal view
MARC view
Entry Personal Name
001 - CONTROL NUMBER
- control field: 375443
003 - CONTROL NUMBER IDENTIFIER
- control field:
005 - DATE AND TIME OF LATEST TRANSACTION
- control field: 20210602113205.0
008 - FIXED-LENGTH DATA ELEMENTS
- fixed length control field: 210602|| aca||aabn | a|a d
040 ## - CATALOGING SOURCE
- Original cataloging agency:
- Transcribing agency:
100 ## - HEADING--PERSONAL NAME
- Personal name: Fetter, Frank Whitson,
- Dates associated with a name: 1899-
670 ## - SOURCE DATA FOUND
- Source citation: Work cat.: (): Fetter, Frank Whitson, 1899-, Development of British monetary orthodoxy, 1797-1875 /, 1965
